000 00694nam a22002057a 4500
999 _c178906
_d178906
005 20210428142445.0
010 _aENG-129484
020 _c195.00
_a978-93-88016-54-4
035 _aEN-113016
037 _bDBAD/PUB
082 _a370.82
100 _aG., Varalakshmi
245 _aGender, School and Society :
_b/
_cVaralakshmi G., Vanaja, M., T. Swarupa Rani
250 _a2019
260 _aHyderabad
_bNeelkamal Publications Pvt. Ltd.
_c2019
270 _aSultan Bazar, Hyderabad
_bHyderabad
_e500095
_k24757140
_mneelkamalbooks@gmail.com
300 _a187.p
_c24cm(hbk)
_bBibliography, Index
700 _aM., Vanaja, Rani, T. Swarupa
942 _2ddc
_cEN
_h370.82
_mGVA